00401nam a2200145Ia 450000500170000000800410001702000180005808200230007610000530009924500390015225000130019126000250020430000170022944000090024620250328162332.0240126s9999 xx 000 0 und d a9789386515599 a346.0436 MUL;1 R aMulla, Dinshaw Fardunji. Saxena, Poonam Pradhan. 0aMulla the Transfer of property act a13th ed. bLexis NexisaHaryana acccliv, 1188 aNULL